| 000 | 00000nam 2200000zi 4500 |
| 001 | 9.873964 |
| 003 | CaOODSP |
| 005 | 20221107164050 |
| 006 | m o d f |
| 007 | cr |n||||||||| |
| 008 | 190606e199310##onc #or f000 0|eng d |
| 040 | |aCaOODSP|beng|erda|cCaOODSP |
| 043 | |an-cn--- |
| 086 | 1 |aIu44-126/1993E-PDF |
| 245 | 00|aDirectory of Canadian automotive aftermarket accessories and garage equipment manufacturers. |
| 264 | 1|a[Ottawa] : |bIndustry and Science Canada, Information Services and Statistics, |cOctober 1993. |
| 300 | |a1 online resource (18, 23 pages) |
| 336 | |atext|btxt|2rdacontent |
| 337 | |acomputer|bc|2rdamedia |
| 338 | |aonline resource|bcr|2rdacarrier |
| 500 | |aDigitized edition from print [produced by Innovation, Science and Economic Development Canada]. |
| 692 | 07|2gccst|aDirectories |
| 692 | 07|2gccst|aAutomobile industry |
| 710 | 1 |aCanada. |bIndustry and Science Canada. |
| 856 | 40|qPDF|s5.28 MB|uhttps://publications.gc.ca/collections/collection_2019/isde-ised/Iu44-126-1993-eng.pdf |